000 01528nam0a22003371 4500
001 rc\2324882
005 20110829144616.1
035 _a(NLR Aleph) 006674649
090 _a5021374
_c5021374
100 _a20110829d1977 |||y0rusy50 ca
101 0 _arus
102 _aRU
105 _aa z |||||
200 1 _aМикроэлементы в орошаемых почвах Ферганской и Наманганской областей Узбекской ССР и применение микроудобрений
_fЕ.К. Круглова, М.М. Алиева, С.Х. Дехканходжаева, Н.Н. Вельгорская
_g[Отв. ред. д-р с.-х. наук, проф. Т.З. Закиров]
_gНИИ почвоведения и агрохимии
210 _aТашкент
_cФан
_d1977
215 _a152 с.
_cил.
_d21
320 _aСписок лит.: с. 148-151
606 _aХлопчатник
_xПитание минеральное
_yУзССР
_2rkp
606 _aМикроэлементы в почвах
_yУзССР
_2rkp
701 1 _aАлиева
_bМ. М.
701 1 _aДехканходжаева
_bС. Х.
701 1 _aКруглова
_bЕ. К.
_gЕкатерина Константиновна
701 1 _aВельгорская
_bН. Н.
702 1 _aЗакиров
_bТ. З.
_4340
801 0 _aRU
_bNLR
_gpsbo
801 1 _aRU
_bELAR
_2rusmarc
852 _aNLR
_j78-5/742
899 _aRuMoRGB
_jБ 77-10/1492
899 _aRuMoRGB
_jБ 77-10/1493
942 _cBOOK
980 _aNB